Identification of non traditional housing (Record no. 113314)

MARC details
000 -LEADER
fixed length control field 00662cam a22001815a 4500
001 - CONTROL NUMBER
control field E155084
008 - FIXED-LENGTH DATA ELEMENTS--GENERAL INFORMATION
fixed length control field 120228q1996 xxk f 000 0 eng d
035 ## - SYSTEM CONTROL NUMBER
System control number (Sirsi) u155084
041 0# - LANGUAGE CODE
Language code of text/sound track or separate title eng
110 2# - MAIN ENTRY--CORPORATE NAME
Corporate name or jurisdiction name as entry element Cheltenham & Gloucester
9 (RLIN) 6018
245 00 - TITLE STATEMENT
Title Identification of non traditional housing
260 ## - PUBLICATION, DISTRIBUTION, ETC.
Place of publication, distribution, etc. Gloucester
Name of publisher, distributor, etc. Cheltenham & Gloucester
Date of publication, distribution, etc. [1996]
300 ## - PHYSICAL DESCRIPTION
Extent 32p.
Other physical details ill.
Dimensions 21cm.
520 ## - SUMMARY, ETC.
Summary, etc. Provides an illustrated listing of non traditional housing types, and highlights common identifying features as well as internal and external features to look out for.
651 #4 - SUBJECT ADDED ENTRY--GEOGRAPHIC NAME
Geographic name United Kingdom
Chronological subdivision
690 ## - LOCAL SUBJECT ADDED ENTRY--TOPICAL TERM (OCLC, RLIN)
Topical term or geographic name as entry element Building materials and defects
942 ## - ADDED ENTRY ELEMENTS (KOHA)
Suppress in OPAC 0
Holdings
Withdrawn status Lost status Source of classification or shelving scheme Damaged status Not for loan Home library Current library Shelving location Date acquired Total Checkouts Full call number Barcode Date last seen Copy number Price effective from Koha item type
    Dewey Decimal Classification     London London Books 28/02/2012   693.97 CHE 30077025 06/08/2019 1 06/08/2019 Book